Countries From Four Words #17 - Statistics

General Stats
  • This quiz has been taken 328 times
  • The average score is 8 of 15
Answer Stats
Country % Correct
Chad
99%
Laos
98%
Oman
98%
Peru
98%
Samoa
59%
Sudan
57%
Canada
46%
Palau
43%
Panama
41%
Poland
40%
Nepal
29%
Honduras
26%
Monaco
26%
Cameroon
24%
Ecuador
20%
No matching quizzes found
Score Distribution
Percent of People with Each Score
Percentile by Number Answered
Your Score History
You have not taken this quiz